000 00811cam a2200301 a 4500
001 ocm11492307
003 0
005 20230123133544.0
008 840619s1984 maua b 001 0 eng
010 _a84045413
020 _a0890061548
035 _bH130
040 _aDLC
_cNUST
_dUBA
049 _aMAIN
090 _aTK7871.6
100 1 _aBlake, Lamont V.
245 1 0 _aAntennas /
_cL.V. Blake.
260 _aDedham, MA :
_bArtech House,
_cc1984.
300 _axiv, 461 p. :
_bill. ;
_c24 cm.
440 4 _aThe Artech House radar library
504 _aBibliography: p. 449-450.
500 _aIncludes index.
650 0 _aAntennas (Electronics)
650 7 _aTelecomunicacoes
_2larpcal
907 _a.b10064916
_b11-12-03
_c17-04-03
994 _a92
_bZNA
942 _cBOOKS
_kTK7871.6
999 _c150643
_d150643